• 首页
  • 本馆介绍
  • 公告通知
  • 最新文献
  • 馆藏检索
  • 电子资源
  • 读者导购
  • 参考咨询
  • 我的图书馆
  • 登录
  • 详细信息显示
  • 放入我的书架
  • 预约/预借图书
  • 作者相关作品
  • 分类相关作品
  • 丛书相关作品
  • 出版社相关作品

书目信息

  • 表格格式
  • 工作单格式
  • 卡片格式
题名:
徐志摩诗歌精选
    
 
作者: 徐志摩 著
分册:  
出版信息: 北京   中国华侨出版社  2016
页数: 363页
开本: 25cm
丛书名:
单 册:
中图分类: I226.1 , I266
科图分类:
主题词: 新诗--诗集--中国--现代 , 散文集--中国--现代
电子资源:
ISBN: 978-7-5113-6162-2
000 00936nam0 2200265 450
001 012001002119
005 20140926114740.0
010    @a978-7-5113-6162-2@dCNY59.00
100    @a20170215d2016 em y0chiy50 ea
101 0  @achi
102    @aCN@b110000
105    @aa z 000zy
106    @ar
200 1  @a徐志摩诗歌精选@9xu zhi mo shi ge jing xuan@f徐志摩著
210    @a北京@c中国华侨出版社@d2016
215    @a363页@c图,照片@d25cm
300    @a超值全彩文学馆
330    @a本书收录了徐志摩的经典力作,分为诗歌和散文两个部分,诗歌篇精选了《志摩的诗》、《翡冷翠的一夜》、《猛虎集》等集子中最唯美的作品,散文篇精选了《落叶》、《自剖》等集子中最具有代表性的作品,让读者领略徐志摩的风采。
606 0  @a新诗@x诗集@y中国@z现代
606 0  @a散文集@y中国@z现代
690    @aI226.1@v5
690    @aI266@v5
701  0 @a徐志摩@9xu zhi mo@f(1897~1931)@4著
801  0 @aCN@b上海新华@c20180901
905    @b1160141-5@dI226.1@e106@f5
    
    徐志摩诗歌精选/徐志摩著.-北京:中国华侨出版社,2016
    363页:图,照片;25cm
    超值全彩文学馆
    
    ISBN 978-7-5113-6162-2:CNY59.00
    本书收录了徐志摩的经典力作,分为诗歌和散文两个部分,诗歌篇精选了《志摩的诗》、《翡冷翠的一夜》、《猛虎集》等集子中最唯美的作品,散文篇精选了《落叶》、《自剖》等集子中最具有代表性的作品,让读者领略徐志摩的风采。
●
相关链接 在E读中查询图书 在五车中查询图书 在当当中查询图书 在豆瓣中查询图书


正题名:徐志摩诗歌精选     索取号:I226.1/106         预约/预借

序号 登录号 条形码 馆藏地/架位号 状态 备注
1 1160141   211601417   第一样本阅览室/ [索取号:I226.1/106] 在馆    
2 1160142   211601426   第二借阅区/ [索取号:I226.1/106] 在馆    
3 1160143   211601435   第二借阅区/ [索取号:I226.1/106] 在馆    
4 1160144   211601444   密集书库-文学院/ [索取号:I226.1/106] 在馆    
5 1160145   211601453   第二借阅区/ [索取号:I226.1/106] 在馆    
唐山师范学院图书馆 欢迎您!
大连网信软件有限公司© 版权所有